Liverpool Champions League XIs - Statistics

General Stats
  • This quiz has been taken 2,243 times
    1,967 since last reset
  • The average score is 36 of 64
Answer Stats
Answer % Correct
Mohamed Salah
98%
Virgil van Dijk
96%
Sadio Mané
95%
Trent Alexander-Arnold
95%
Andrew Robertson
94%
Roberto Firmino
94%
Jordan Henderson
92%
Steven Gerrard
92%
Alisson Becker
90%
Joël Matip
88%
Fabinho
84%
Joe Gomez
84%
Darwin Núñez
81%
Georginio Wijnaldum
81%
Ibrahima Konaté
80%
Jamie Carragher
78%
Loris Karius
78%
Fernando Torres
77%
José Reina
76%
James Milner
75%
Xabi Alonso
75%
Jerzy Dudek
74%
Simon Mignolet
74%
Diogo Jota
72%
Dejan Lovren
68%
Michael Owen
66%
Thiago Alcântara
65%
Dirk Kuyt
60%
Martin Škrtel
60%
John Arne Riise
58%
Sami Hyypiä
58%
Raheem Sterling
55%
Curtis Jones
52%
Daniel Agger
52%
Milan Baroš
51%
Javier Mascherano
50%
Peter Crouch
49%
Glen Johnson
48%
Harvey Elliott
47%
Alberto Moreno
46%
Kostas Tsimikas
46%
Luis García
46%
Vladimír Šmicer
43%
Steve Finnan
41%
Emile Heskey
38%
Lucas Leiva
38%
Djimi Traoré
36%
Dietmar Hamann
35%
Ryan Babel
35%
Álvaro Arbeloa
33%
Rhys Williams
30%
Yossi Benayoun
30%
Fábio Aurélio
27%
Joe Allen
27%
Danny Murphy
24%
Stéphane Henchoz
24%
Craig Bellamy
23%
Jermaine Pennant
23%
Mohamed Sissoko
23%
Albert Riera
22%
Emiliano Insúa
18%
Igor Bišćan
17%
Javi Manquillo
12%
Salif Diao
12%
No matching quizzes found
Score Distribution
Percent of People with Each Score
Percentile by Number Answered
Your Score History
You have not taken this quiz since the last reset